000 00959nam a2200241 4500
005 20211013231805.0
008 211013s1971 ve |||fr|||| 001 0 spa d
040 _aCENDOC CAAAP
_bspa
_cCAAAP
041 _aspa
050 _aP 71
_b.R74
100 1 _94256
_aDel Rey Fajardo, José
245 _aAportes jesuisticos a la filologia colonial venezolana /
_cJosé Del Rey Fajardo
250 _a1ra ed.
260 _aCaracas:
_bUniversidad Católica Andrés Bello,
_c1971
300 _a2 tomos
505 _aContiene: Los lineamientos históricos -- El indio en su paisaje natural humanizado -- Catálogo bio-bibliográfico de autores -- Breve síntesis de la historia de la filología indígena elaborada por los jesuitas -- Índice geográfico -- Índice onomástico.
610 0 _9174
_aJesuítas
650 1 0 _94257
_aFilología
650 2 0 _9244
_aColonialismo
650 2 0 _996
_aFilosofía
651 0 _93427
_aVenezuela
942 _2lcc
_b13 - 10 - 21
_cBK
999 _c2668
_d2668